Responses for Show #8772 - Tuesday, December 27, 2022

Ray Lalonde game 9.

Contestants

[<< previous game]

Scott Handelman, a math and computer science teacher from Lincoln, Nebraska

Maggie Frank-Hsu, a writer from San Diego, California

Ray Lalonde, a scenic artist from Toronto, Ontario, Canada (whose 8-day cash winnings total $219,300)

[next game >>]

Jeopardy! Round responses

ESPIONAGE GLOSSARY
RHYMING RESPONSES
WORLD OF BEERS
HISTORICAL FIGURES ON FILM
FICTION
ECONOMY OF MOVEMENT
    $200 26
a dossier

Ray
    $200 27
a parrot & a carat

Scott
    $200 29
Guinness

Maggie
    $200 21
Ruth Bader Ginsburg

Maggie
    $200 28
(Maggie: What is Flowers in the Attic?)

Attic

RayMaggie
    $200 30
(Ken: You would've been paying too much at any price.)

the Hindenburg

Ray
    $1,800 25
a mole

Ray
    $400 10
eight & grate

Scott
    $400 19
(Maggie: What's a tiger?)
(Ray: What is a dragon?)
(Scott: What is a Yeti?)
(Ken: No, I'm sorry.)
[Laughter]
(Ken: I'd like to drink Yeti beer; no harm, no foul, it's actually [*].)

a lion

RayMaggieScott
Triple Stumper
    $400 20
(Sean) Penn

Scott
    $400 11
a boat (cruise ship)

Maggie
    $400 18
the Orient Express

Maggie
    $600 23
a dead drop

Maggie
    $600 8
an answer & a dancer

Ray
    $600 12
Israel

Maggie
    $600 1
Colonel Tom Parker

Scott
    $600 6
Tarzan (of the Apes)

Scott
    $600 15
(Ken: That's a pretty good price.)

a DeLorean

Scott
    $800 22
cipher

Scott
    $800 7
to seize & to tease

Triple Stumper
    $800 13
Belgium

Ray
    $800 2
(Colin) Firth

Scott
    $800 4
(Scott: Who is McCourt?)

(John) Irving

RayScott
    $800 16
Virgin (Atlantic)

Scott
    $1000 24
a honey trap

Ray
    $1000 9
early & surly

Scott
    $1000 14
(Ray: What is Austria?)

the Czech Republic

RayMaggie
    $1000 3
Kristen Stewart

Maggie
    $1000 5
McMillan

Maggie
    $1000 17
(Maggie: What is Queen Mary 2?)
...
(Ken: Elizabeth, that's correct.)

the QEII

MaggieScott

Scores at the first commercial break (after clue 15):

Ray Maggie Scott
$1,200 $4,000 $3,200

Scores at the end of the Jeopardy! Round:

Ray Maggie Scott
$4,200 $3,800 $6,000

Double Jeopardy! Round responses

FLYOVER COUNTRIES
SYNONYMS
SCIENCE
ALBUM COVERS
THE CIVIL WAR
"T" TIME
    $400 9
Libya

Scott
    $400 27
spine

Maggie
    $400 6
nectar

Ray
    $400 19
Born in the U.S.A.

Ray
    $400 26
Stonewall

Ray
    $400 16
(Ken: Yes, from Turkey.)

turquoise

Ray
    $800 10
(Ray: What is Kosovo?)

Serbia

Ray
Triple Stumper
    $800 22
a glare

Scott
    $800 5
the eye

Ray
    $800 18
a grenade

Ray
    $800 25
Fort Sumter

Ray
    $800 15
Timberland

Maggie
    $1200 28
(Maggie: What is Argentina?)

Peru

RayMaggie
    $1200 11
marine

Ray
    $1200 2
the mantle

Ray
    $1200 7
The Cars

Ray
    $2,200 1
(Maggie: What is... [Exhales] I can't think of it.)

On, Wisconsin!

Maggie
    $1200 12
Tivoli

Ray
    $1600 29
(Scott: What is the UAE?)
(Maggie: What is Dubai?)

Kuwait

RayMaggieScott
    $1600 21
a stigma

Scott
    $1600 3
fission

Ray
    $1600 8
Mapplethorpe

Maggie
    $1600 23
conscription (the draft)

Ray
    $1600 13
Tito's

Ray
    $2000 30
Costa Rica

Ray
    $2000 20
a vortex

Triple Stumper
    $4,000 4
retrograde

Ray
    $2000 17
Supertramp

Ray
    $2000 24
Shiloh

Scott
    $2000 14
Tuileries

Maggie

Scores at the end of the Double Jeopardy! Round:

Ray Maggie Scott
$27,800 $3,600 $9,200
(lock game)

[wagering suggestions for these scores]

Final Jeopardy! Round responses

CHILDREN'S BOOKS
(Ken: [To Maggie] Yes, Margery Williams' classic book turned 100 this year.)
MaggieWhat is the Velveteen Rabbit?
$3,599
ScottWhat is the velveteen rabbit?
$1,999
RayWhat is The Velveteen Rabbit?
$8,000
The Velveteen Rabbit

Final scores:

Ray Maggie Scott
$35,800 $7,199 $11,199
9-day champion: $255,100 3rd place: $1,000 2nd place: $2,000

Game dynamics:

Coryat scores:

Ray Maggie Scott
$24,400 $5,800 $9,200
27 R
(including 2 DDs),
3 W
13 R,
6 W
(including 1 DD)
15 R,
3 W

Combined Coryat: $39,400

[game clues] [game scores] [suggest correction]

Game tape date: 2022-10-26
The J! Archive is created by fans, for fans. Scraping, republication, monetization, and malicious use prohibited; this site may use cookies and collect identifying information. See terms. The Jeopardy! game show and all elements thereof, including but not limited to copyright and trademark thereto, are the property of Jeopardy Productions, Inc. and are protected under law. This website is not affiliated with, sponsored by, or operated by Jeopardy Productions, Inc. Join the discussion at JBoard.tv.